| 000 | 00438nam a22001817a 4500 | ||
|---|---|---|---|
| 003 | OSt | ||
| 005 | 20211222171546.0 | ||
| 008 | 211222b |||||||| |||| 00| 0 eng d | ||
| 020 | _a078971423X | ||
| 040 | _cH.U | ||
| 082 | _a004.16. | ||
| 100 |
_aBucki,L _924409 |
||
| 245 |
_aPC S in -1 _bTroubleshooting.... |
||
| 260 |
_aUSA _bQUE _c1997. |
||
| 300 |
_aillustrations _c25cm*15cm |
||
| 500 | _aIncludes Index. | ||
| 942 |
_2ddc _cBOOKS _n0 |
||
| 999 |
_c23553 _d23553 |
||